| 000 | 01095nam a22003137a 4500 | ||
|---|---|---|---|
| 003 | CHAP | ||
| 005 | 20220329133836.0 | ||
| 008 | 971013s1986 r 00010 d | ||
| 010 | _a11668 | ||
| 011 | _a12640 | ||
| 035 | _a15871 | ||
| 040 | _cCHAP | ||
| 082 |
_a517.38 _bE3Y |
||
| 100 | 0 | 0 |
_aEdwards, C. H. _935710 |
| 245 | _aEcuaciones diferenciales elementales con aplicaciones | ||
| 260 |
_aMéxico : _bPrentice-Hall, _c1986 |
||
| 300 | _a681 p. | ||
| 590 |
_aBATCH-UPD _b10 _c20130110 _lUCH01 _h0922 |
||
| 590 |
_aCONVERSION _b10 _c20130109 _lUCH01 _h1308 |
||
| 650 | 1 | 4 |
_aEcuaciones diferenciales. _935306 |
| 700 | 0 |
_aPenney, David E. _986696 |
|
| 901 | _aBK | ||
| 942 | _cLIBRO | ||
| 949 |
_a517.38 E3Y _bBC _cLIBRO _d33724000142451 _eLIBRO _fc.3 _h71743 _i15871 _si |
||
| 949 |
_a517.38 E3Y _bBC _cLIBRO _d33724000142477 _eLIBRO _fc.5 _h74148 _i15871 _si |
||
| 949 |
_a517.38 E3Y _bBC _cLIBRO _d33724000142493 _eLIBRO _fc.2 _h71742 _i15871 _si |
||
| 949 |
_a517.38 E3Y _bBC _cLIBRO _d33724000731386 _eLIBRO _h71741 _i15871 _si |
||
| 949 |
_a517.38 E3Y _bBC _cLIBRO _d33724002015322 _eLIBRO _fc.4 _h74147 _i15871 _si |
||
| 999 |
_c11668 _d11668 |
||